Price theory
Gardado en:
| Autor Principal: | |
|---|---|
| Formato: | Libro |
| Idioma: | inglés |
| Publicado: |
Londres
Macmillan
1958
|
| Subjects: | |
| Tags: |
Engadir etiqueta
Sen Etiquetas, Sexa o primeiro en etiquetar este rexistro!
|
MARC
| LEADER | 00000nam a2200000 a 4500 | ||
|---|---|---|---|
| 001 | UCR8784 | ||
| 003 | CL-VaPUC | ||
| 008 | 980529e19580000UK |||||||||||||||||eng|d | ||
| 082 | 0 | 4 | |a 338.521 |b RYA |2 21 |
| 100 | 0 | |a Ryan, W. J |e author |9 410979 | |
| 245 | 1 | 0 | |a Price theory |
| 300 | |a 396 p | ||
| 942 | |c BK | ||
| 945 | |d 19980529 00:00:00 |a crobeson | ||
| 260 | |a Londres |b Macmillan |c 1958 | ||
| 650 | 0 | |a Precios |9 260787 | |
| 650 | 7 | |a TEORIA DE LOS PRECIOS |2 CL-VaPUC |9 409183 | |
| 650 | 0 | |a Microeconomía |9 258126 | |
| 650 | 0 | |a Monopolios |9 255549 | |
| 650 | 0 | |a Oligopolios |9 391500 | |
| 583 | |a last modification |c 19980529 00:00:00 |k Rodrigo Vera | ||
| 999 | |c 270177 |d 270175 | ||